Frai Luis de León : ensayo histórico /

Luis de León (Fray) (1527-1591) fue un monje español de la orden de los agustinos, doctor en teología y escritor tanto en castellano como en latín. Sus escritos son de las obras más importantes del siglo XVI en España, en los que Luis buscaba la perfección espiritual y del conocimiento por medio del...

Whakaahuatanga katoa

I tiakina i:
Ngā taipitopito rārangi puna kōrero
Kaituhi matua: Arango y Escandón, Alejandro (autor)
Hōputu: Pukapuka
Reo:Pāniora
Ngā marau:
Ngā Tūtohu: Tāpirihia he Tūtohu
Kāore He Tūtohu, Me noho koe te mea tuatahi ki te tūtohu i tēnei pūkete!

MARC

LEADER 00000nam^a2200000^a^4500
001 000380011
005 20250526000000.0
009 20260310120541.935
037 |a Acervo Xavier Clavigero 
041 |a ESP 
082 |a 868.  |b LEO EST ARA 
100 |a Arango y Escandón, Alejandro  |e (autor) 
245 1 0 |a Frai Luis de León :  |b ensayo histórico /  |c A. Arango y Escandón. 
264 |a México :  |b Imprenta de Andrade y Escalante,  |c 1866 
300 |a XX, 274 p., [3] láminas ;  |c 28.0 cm. 
336 |a texto  |b txt  |2 rdacontenido 
337 |a sin mediación  |b n  |2 rdamedio 
338 |a volumen  |b nc  |2 rdasoporte 
501 |a Encuadernación particular 
520 |a Luis de León (Fray) (1527-1591) fue un monje español de la orden de los agustinos, doctor en teología y escritor tanto en castellano como en latín. Sus escritos son de las obras más importantes del siglo XVI en España, en los que Luis buscaba la perfección espiritual y del conocimiento por medio del alejamiento de los placeres terrenales. Como catedrático de la Biblia y de filosofía moral ganó varias plazas en la Universidad de Salamanca y es en este periodo cuando es encarcelado por el Santo Oficio al haber traducido al castellano el libro del Cantar de los Cantares. Durante este cautiverio escribe varias poesías y el tratado De los nombres de Cristo, para muchos su obra maestra. De gran erudición, Luis de León era un obsesionado por la perfección en su escritura y un amante de la poesía, de ahí que en todos sus textos encontremos efectos rítmicos y un estilo impecable visibles en títulos de sus poesías como Vida retirada, las odas a Salinas, Noche serena o en la prosa La perfecta casada. 
561 |a Ex libris de Bibl. Domus. San Cayetano 
561 |a Ex libris de Bibliotheca Coll. Max. Ysletensis S.J. 
562 |a Falta cubierta 
649 |a XX 
650 |a Escritores Españoles -  |x Biografías 
650 |a Religiosos Españoles -  |x Biografías 
650 |a Poesía Española -  |x Historia y Crítica 
650 |a Poesía Religiosa -  |x Historia y Crítica 
650 |a Literatura Religiosa -  |z España -  |x Historia y Crítica 
650 |a Literatura Española -  |y Siglo XVI 
650 |a Literatura Española -  |y Epoca Clásica, 1500-1700 
650 |a Literatura Religiosa -  |x Historia y Crítica 
650 |a Misticismo en la Literatura 
650 |a Cristianismo 
650 |a Teología 
650 |a Religión 
650 |a Filosofía y Literatura -  |z España -  |x Historia y Crítica 
650 |a Filosofía y Religión -  |z España -  |x Historia y Crítica 
650 |a León, Luis de, Fray -  |x Tema Principal 
910 |a Fondo General 
920 |a Impresos - Libros 
930 |a Libros Antiguos y Raros 
940 |a Literatura 
905 |a 108 
901 |a 0500275148  |b IT2  |c LRA  |u 20250526 
902 |a https://opac.biblio.iteso.mx/vufind/Record/000380011